000 00746nam a2200205 a 4500
005 20210219160252.0
008 081002s1990 mx r 000 0 spa d
035 _aUPN01000162000
049 _aUNE
080 _a37 (520) =20 1988-90 DEV.
245 0 0 _aDevelopment of education in Japan 1988-90.
260 _aJapan :
_bMinistry of Education, Science andCulture,
_c1990.
300 _aiv, 144 p. ;
_bil., fot.
500 _aReporte presentado en la 42a. Reunión de la Conferencia Internacional de Educación, 1990 : Ginebra.
690 _aJapon- Organizacion de la educacion
690 _aEducacion- Japon
690 _aSistemas educacionales- Japon
710 1 _aJapón. Ministry of Education, Science and Culture.
905 _aUNESCO
999 _c134113
_d134113